Magallanes (Record no. 130145)

MARC details
000 -LEADER
campo de control de longitud fija 00807nam a2200241 i 4500
001 - NÚMERO DE CONTROL
campo de control 130145
003 - IDENTIFICADOR DE NÚMERO DE CONTROL
campo de control ES-MaACL
005 - FECHA Y HORA DE LA ÚLTIMA TRANSACCIÓN
campo de control 20231027063024.0
007 - CAMPO FIJO DE DESCRIPCIÓN FÍSICA--INFORMACIÓN GENERAL
campo de control de longitud fija t|
008 - DATOS DE LONGITUD FIJA--INFORMACIÓN GENERAL
campo de control de longitud fija 070719s1945 sp a |||| |bspa d
100 1# - ENTRADA PRINCIPAL--NOMBRE DE PERSONA
Nombre de persona Zweig, Stefan,
Fechas asociadas al nombre 1881-1942
9 (RLIN) 118562
245 10 - MENCIÓN DEL TÍTULO
Título Magallanes
Resto del título : el hombre y su gesta /
Mención de responsabilidad, etc. Stefan Zweig ; [traducción directa del alemán por José Llionart].
250 ## - MENCION DE EDICION
Mención de edición 1ª ed.
260 ## - PUBLICACIÓN, DISTRIBUCIÓN, ETC.
Lugar de publicación, distribución, etc. Barcelona :
Nombre del editor, distribuidor, etc. Juventud,
Fecha de publicación, distribución, etc. 1945 (
Fabricante Atenas)
300 ## - DESCRIPCIÓN FÍSICA
Extensión 286 p. :
Otras características físicas il. ;
Dimensiones 22 cm.
490 1# - MENCIÓN DE SERIE
Mención de serie Grandes biografías
600 14 - PUNTO DE ACCESO ADICIONAL DE MATERIA--NOMBRE DE PERSONA
Nombre de persona Magallanes, Fernando de (
Fechas asociadas al nombre m. 1521)
9 (RLIN) 143242
650 04 - PUNTO DE ACCESO ADICIONAL DE MATERIA--TÉRMINO DE MATERIA
Término de materia o nombre geográfico como elemento de entrada Viajes alrededor del mundo-
Subdivisión cronológica S.XVI.
9 (RLIN) 17781
700 1# - ENTRADA AGREGADA--NOMBRE PERSONAL
Nombre de persona Llionart, José.
9 (RLIN) 72788
830 0# - PUNTO DE ACCESO ADICIONAL DE SERIE-TÍTULO UNIFORME
Título uniforme Grandes biografías
9 (RLIN) 181124
852 ## - LOCALIZACIÓN
Ubicación ES-MaACL
Número de control de estantería B-10296
Holdings
Estatus retirado Estado de pérdida Estado de daño No para préstamo Biblioteca de origen Biblioteca actual Ubicación en estantería Fecha de adquisición Fuente de adquisición Total de préstamos Signatura topográfica completa Código de barras Visto por última vez Precio de reemplazo Tipo de ítem Koha
        Biblioteca del Ateneo de Madrid Biblioteca del Ateneo de Madrid Sala Pardo Bazán 17/01/2008     B-10296 1135514 23/02/2023 23/02/2023 Libro impreso